| 000 | 01296cam a22003254a 4500 | ||
|---|---|---|---|
| 001 | 13725497 | ||
| 003 | OSt | ||
| 005 | 20240617103352.0 | ||
| 008 | 040921s2005 nyua b 001 0 eng | ||
| 010 | _a 2004058967 | ||
| 020 | _a1852339160 (alk. paper) | ||
| 040 |
_aMUST LIB _cMUST _dMUST |
||
| 042 | _apcc | ||
| 050 | 0 | 0 |
_aTK5102.9 _b.J3623 2005 |
| 082 | 0 | 0 |
_a515.243 _222 _bJAS |
| 100 | 1 |
_aJansen, Maarten. _917298 |
|
| 245 | 1 | 0 |
_aSecond generation wavelets and applications / _cMaarten Jansen and Patrick Oonincx. |
| 260 |
_aLondon ; _aNew York : _bSpringer, _c2005. |
||
| 300 |
_ax, 138 p. : _bill. ; _c24 cm. |
||
| 504 | _aIncludes bibliographical references and index. | ||
| 650 | 0 |
_aSignal processing _xMathematics. _917299 |
|
| 650 | 0 |
_aImage processing _xMathematics. _917300 |
|
| 650 | 0 |
_aWavelets (Mathematics) _915565 |
|
| 700 | 1 |
_aOonincx, Patrick. _917301 |
|
| 856 | 4 | 1 |
_3Table of contents _uhttp://www.loc.gov/catdir/toc/fy054/2004058967.html |
| 856 | 4 | 2 |
_3Publisher description _uhttp://www.loc.gov/catdir/enhancements/fy0662/2004058967-d.html |
| 906 |
_a7 _bcbc _corignew _d1 _eocip _f20 _gy-gencatlg |
||
| 942 |
_2ddc _cBOOK |
||
| 999 |
_c8517 _d8517 |
||